Nevyhnutnosť zásadných opatrení

Negatívny dopad podkapitalizácie na podnikateľskú sféru. Skutočnosti vplývajúce na nefunkčnosť kapitálového trhu na Slovensku. Nestabilné právne prostredie pre podnikateľov. Vzťahy medzi odbormi a zamestnávateľmi. Slabá konkurenčná schopnosť slovenských výrobkov. Potrebné opatrenia v podnikateľskej...

Descrizione completa

Salvato in:
Dettagli Bibliografici
Autore principale: Magvaši, Peter
Natura: Libro
Lingua:slovacco
Soggetti:
Tags: Aggiungi Tag
Nessun Tag, puoi essere il primo ad aggiungerne!!

MARC

LEADER 00000nam a2200000 4500
001 r030189
005 20230824094542.8
041 0 |a slo 
044 |a SK 
245 1 0 |a Nevyhnutnosť zásadných opatrení  |c Peter Magvaši 
520 |a Negatívny dopad podkapitalizácie na podnikateľskú sféru. Skutočnosti vplývajúce na nefunkčnosť kapitálového trhu na Slovensku. Nestabilné právne prostredie pre podnikateľov. Vzťahy medzi odbormi a zamestnávateľmi. Slabá konkurenčná schopnosť slovenských výrobkov. Potrebné opatrenia v podnikateľskej sfére. 
610 2 0 |a priemysel 
610 2 0 |a reštrukturalizácia 
610 2 0 |a podnikanie 
610 2 0 |a podnikatelia 
610 2 0 |a legislatíva 
610 2 0 |a odbory 
610 2 0 |a podkapitalizácia 
610 2 0 |a zamestnávatelia 
610 2 0 |a Slovensko 
100 1 |a Magvaši, Peter